000 00689nam a2200217Ia 4500
003 GCL
008 140319s9999 xx 000 0 ara d
040 _aGCL /
_cGCL
082 0 4 _a301
_bع س
100 1 _aعبداللطيف محمد خليفة
245 1 0 _aسيكلوجية الاتجاهات المفهوم القياس التغير /
_cعبداللطيف محمد خليفة
700 1 _aعبدالمنعم شحاته محمود
300 _a310 ص
490 _a
650 0 4 _aالاجتماع
650 0 4 _aالسلوك الاجتماعى
650 0 4 _aالراى العام
650 0 4 _aالتكيف الاجتماعى
650 0 4 _aالاتجاه
942 _2ddc
_cBK
999 _c30689
_d30689